| 000 | 01276nam a22002297a 4500 | ||
|---|---|---|---|
| 999 |
_c59492 _d59492 |
||
| 003 | Ge_BSU | ||
| 005 | 20230228170658.0 | ||
| 008 | 230228s1995 ge ||||| |||| 00| 0 geo d | ||
| 041 | _ageo | ||
| 080 | _a343.98(075.8) ა-84 | ||
| 245 |
_aკრიმინალისტიკა : [2 ტომად] : _bტ. 2 / _cავტ.: ა. კვაშილავა და სხვ. ; რედ.: ა. ფალიაშვილი, მ. ქურდაძე ; თბილისის დამოუკიდებელი უნ-ტი. |
||
| 264 |
_aთბილისი : _bნეკერი, _c1995. |
||
| 300 |
_a384 გვ.; _b20 სმ. |
||
| 653 | _aკრიმინალისტიკა | ||
| 653 | _aკრიმინალისტიკური საგამოძიებო ტაქტიკა | ||
| 653 | _aდანაშაულის გამოძიების მეთოდიკა | ||
| 700 |
_aსიმონიშვილი, ვ. _eავტორი _917078 |
||
| 700 |
_aფალიაშვილი, ა. _eავტორი _94030 |
||
| 700 |
_aფაფიაშვილი, შ. _eავტორი _9836 |
||
| 700 |
_aწულაია, ზ. და სხვ. _eავტორი. _917079 |
||
| 942 |
_2udc _cBK |
||